000
00398cam a2200181ua 4500
020
_c
Rs. 1.25
041
_a
mal
_h
082
_a
894.8124
_b
GAN/NA
100
_a
Gangadharan, P C .
245
_a
navagrahangal
260
_a
Trichur :
_b
Current Boooks ,
_c
1966.
300
_a
92 ; .
365
_a
Rs. 1.25
504
_a
942
_c
BK
999
_c
523
_d
523